| 000 | 00369nam a2200145Ia 4500 | ||
|---|---|---|---|
| 005 | 20251222175919.0 | ||
| 008 | 251222s9999||||xx |||||||||||||| ||spa|| | ||
| 020 | _a9786124328152 | ||
| 082 | _a345.460.2/P84 | ||
| 100 | _aPrado Saldarriaga, Víctor Roberto | ||
| 245 | 0 | _aCriminalidad Organizada | |
| 250 | _a1ra. ed. | ||
| 264 | _bInstituto Pacífico | ||
| 942 | _cLIB | ||
| 999 |
_c40605 _d40605 |
||